000 01182cam a22002411 4500
001 hew61000154
003 DLC
005 20260227111511.0
008 790625s1961 dcuab f000 0 eng c
010 _ahew61000154
035 _a(OCoLC)5106157
040 _aU.S. Dept. of HEW
_cOMC
_dOMC
_dDLC
050 0 0 _aL111
_b.A6 1961, no. 16
051 _aLB2846
_b.S33
100 1 _aSeibert, Ivan N.
_q(Ivan Newton),
_d1908-
_ecomp.
245 1 0 _aState plans for improving statistical services
_bsubmitted by state education agencies, under section 1009, title X, Public law 85-864;
_ccompiled by Ivan N. Seibert, Jerry N. Waddell and Louise R. Murphy.
260 _a[Washington]
_bU.S. Dept. of Health, Education and Welfare, Office of Education
_c[1961]
300 _avi, 173 p.
_billus., map.
_c23 cm.
440 0 _a[U.S. Office of Education] Bulletin 1961,
_vno. 16
500 _a"OE-20028."
501 _aCopies 1 and 3 of L111.A6 with: Three-two plan of engineering education / Henry Horton Armsby. Washington : U.S. Dept. of Health, Education and Welfare, Office of Education,1961. Bound together subsequent to publication.
_5DLC
650 0 _aEducation
_zUnited States
_xStatistics.
999 _c34333
_d34333